000 00587nam a2200241Ia 4500
003 OSt
005 20221005115618.0
006 a|||||r|||| 00| 0
007 ta
008 221004b |||||||| |||| 00| 0 kan d
024 _a53112
037 _cTextual
040 _aCRL
_cCRL
_bkan
041 _2kan
_akan
082 _aND44, 33L6
100 _aKaranth Au.
_9627840
245 0 _aChitra silpa vastu kaligelu
260 _c1976
650 _a SCULPTURE
_942083
650 _aARTS
942 _hND44, 33L6
_cTEXL
_2cc
999 _c1035374
_d1035374